Sanat - "Avaruus" - Statistics

Yleistilastot
  • Tätä visaa on pelattu 88 kertaa
  • Keskiarvotulos 45 / 89
Vastaustilastot
Vastaus % Oikein
avaruus
97%
avaruus
97%
avaruus
97%
ja
78%
ja
78%
ja
78%
ja
78%
ja
78%
ja
78%
ja
78%
On
77%
on
77%
on
77%
on
77%
on
77%
on
77%
On
77%
on
77%
on
77%
on
77%
73%
73%
allain
67%
kauas
67%
vie
65%
tähtipolku
62%
tie
62%
hämäräinen
58%
jää
58%
jää
58%
lentää
57%
lentää
57%
maailma
57%
toinen
57%
kun
53%
kun
53%
sen
53%
sen
53%
uus
52%
itsekin
50%
itsekin
50%
katsomaan
50%
voin
50%
saan
48%
tähtiaika
48%
Joku
47%
hämmästyn
45%
kuka
45%
niin
42%
niin
42%
siivet
42%
jälki
40%
kevyt
40%
noin
40%
pilven
40%
sain
40%
selkääni
40%
tuhat
40%
vuotta
40%
määränpää
38%
portaisiin
38%
vain
38%
kuu
37%
aikaa
35%
hetkinen
35%
jäätä
35%
sininen
35%
leijailen
33%
tähdet
33%
taivaansini
33%
kovin
32%
lentomatkallain
32%
lumipuvussaan
32%
päällä
32%
puut
32%
kaukainen
30%
maan
30%
mun
30%
nähdä
30%
pieni
30%
talot
30%
kylä
28%
tiet
28%
kotimaa
27%
liukenee
23%
liukenen
23%
pilvien
23%
portaat
23%
Kuutamoon
22%
Ehtoja vastaavia visoja ei löytynyt
Tulosjakauma
Jokaisen tuloksen saaneiden osuus
Persentiili vastausten määrän mukaan
Tuloshistoriasi
Et ole pelannut tätä visaa